000 00737nam a22002177a 4500
999 _c1276
_d1276
001 1276
003 BD-JhCC
005 20180214173221.0
008 171017s bg |||| ||a| 00| 0 ben d
035 _a(BD-JhCC)1276
040 _aBD-JhCC
_dBD-JhCC
041 _aben
082 _a307.72095492
_bBAN
245 _aবাংলাদেশের অগ্রগতি ১৯৭৩ /
_cতথ্য বেতার মন্ত্রণালয়
260 _aঢাকা :
_bতথ্য ও বেতার মন্ত্রণালয়,
_c1974.
300 _a109 p. :
_c23 cm.
650 _aRural Development
710 _aতথ্য বেতার মন্ত্রণালয়
942 _2ddc
_cBK